African Countries with the Lowest Average Elevation - Statistics

General Stats
  • This quiz has been taken 514 times
    331 since last reset
  • The average score is 9 of 10
Answer Stats
Hint Answer % Correct
112 ft Gambia
95%
226 ft Senegal
92%
230 ft Guinea-Bissau
90%
774 ft Togo
90%
896 ft Benin
89%
623 ft Ghana
89%
797 ft Liberia
85%
820 ft Ivory Coast
84%
39 ft Cape Verde
79%
807 ft Tunisia
63%
No matching quizzes found
Score Distribution
Percent of People with Each Score
Percentile by Number Answered
Your Score History
You have not taken this quiz since the last reset